Loading...
Advancing frontiers in cytogenetics
| Main Author: | |
|---|---|
| Format: | Printed Book |
| Language: | Undetermined English |
| Published: |
Delhi
Hindustan Publishing
1975
|
| Subjects: |
| LEADER | 00510nam a2200157Ia 4500 | ||
|---|---|---|---|
| 008 | 140306s9999 xx 000 0 und d | ||
| 041 | |a eng | ||
| 082 | |a 575.1 |b KAC/AD | ||
| 100 | |a Kachroo, P | ||
| 245 | |a Advancing frontiers in cytogenetics | ||
| 260 | |a Delhi |b Hindustan Publishing |c 1975 | ||
| 300 | |a 377 | ||
| 650 | |a Genetics | ||
| 942 | |2 ddc |c BK | ||
| 999 | |c 114606 |d 114606 | ||
| 952 | |0 0 |1 0 |2 ddc |4 0 |6 575_100000000000000_KACAD |7 0 |9 112789 |a KAUHCV |b KAUHCV |d 2004-04-21 |o 575.1 KAC/AD |p KAU_HCV-23943 |r 2014-03-22 |w 2014-03-22 |y BK | ||